American Revolution Countries - Statistics

General Stats
  • This quiz has been taken 43 times
  • The average score is 5 of 6
Answer Stats
Answer % Correct
France
100%
Spain
100%
UK
97%
USA
94%
Hessen (mercenaries)
81%
Netherlands
69%
No matching quizzes found
Score Distribution
Percent of People with Each Score
Percentile by Number Answered
Your Score History
You have not taken this quiz